00924nam a22002777a 45000010005000000030006000050050017000110080041000280200018000690400029000870500012001160820011001281000018001392450079001572500044002362600038002803000043003185050008003615200048003695210022004175210020004396500028004599420015004879990015005029520129005175090FISKH20241105154109.0241105b cb ||||| |||| 00| 0 eng d a9780590442527 aFISKHbengcFISKHdFISKH aD769.A6 a940.53 aSteiger, Brad aBeyond Belief :bStrange, True Mysteries of the Unknown /cby Brad Steiger aFirst Scholastic printing, October 1991 aNew York :bScholastic ;c1991 .  a151 pages : billustratios ;c18 cm .  aZ  aExplores unusual and unexplained phenomena.8 a1230 bLexile 8 aZ bRaz-Plus  aparanormalvnon-fiction 2ddccBKn0 c5090d5090 00102ddc40708NFICa001b001cSNSd2024-11-05l0oSTE 001.94 BF1031.S767pFISSE01376r2024-11-05 15:41:06w2024-11-05yBK